Los portugueses en Canarias (Record no. 143283)

MARC details
000 -LEADER
campo de control de longitud fija 00633nam a2200181 i 4500
001 - NÚMERO DE CONTROL
campo de control 143283
003 - IDENTIFICADOR DE NÚMERO DE CONTROL
campo de control ES-MaACL
005 - FECHA Y HORA DE LA ÚLTIMA TRANSACCIÓN
campo de control 20230906200754.0
007 - CAMPO FIJO DE DESCRIPCIÓN FÍSICA--INFORMACIÓN GENERAL
campo de control de longitud fija t|
008 - DATOS DE LONGITUD FIJA--INFORMACIÓN GENERAL
campo de control de longitud fija 070214s1941 sp r ||||1| spa d
100 0# - ENTRADA PRINCIPAL--NOMBRE DE PERSONA
Nombre de persona Serra Ràfols, Elías.
9 (RLIN) 105653
245 14 - MENCIÓN DEL TÍTULO
Título Los portugueses en Canarias
Resto del título : discurso inaugural del año académico 1941-42 /
Mención de responsabilidad, etc. por el Dr. Elías Serra Ráafols.
260 ## - PUBLICACIÓN, DISTRIBUCIÓN, ETC.
Lugar de publicación, distribución, etc. La Laguna :
Nombre del editor, distribuidor, etc. [s. n.],
Fecha de publicación, distribución, etc. 1941 (
Fabricante Imp. Curbelo)
300 ## - DESCRIPCIÓN FÍSICA
Extensión 82 p., 1 lám. ;
Dimensiones 23 cm.
500 ## - NOTA GENERAL
Nota general Precede al tít.: Universidad de La Laguna.
710 2# - ENTRADA AGREGADA--NOMBRE DE ENTIDAD CORPORATIVA
Nombre de entidad corporativa o nombre de jurisdicción como elemento de entrada Universidad de La Laguna.
9 (RLIN) 7194
852 ## - LOCALIZACIÓN
Ubicación ES-MaACL
Número de control de estantería 1842-F-16
Sublocalización o colección R.19368
Holdings
Estatus retirado Estado de pérdida Estado de daño No para préstamo Colección Biblioteca de origen Biblioteca actual Ubicación en estantería Fecha de adquisición Fuente de adquisición Total de préstamos Signatura topográfica completa Código de barras Visto por última vez Precio de reemplazo Tipo de ítem Koha
        Colección de folletos Biblioteca del Ateneo de Madrid Biblioteca del Ateneo de Madrid Depósito folletos 17/01/2008     1842-F-16 1149077 23/02/2023 23/02/2023 Folleto